AEW World Champions - Statistics

General Stats
  • This quiz has been taken 3,702 times
    77 since last reset
  • The average score is 9 of 10
Answer Stats
Title Reigns Last Won Champion % Correct
1 2026 Darby Allin
98%
2 2025 Hangman Page
98%
4 2024 Jon Moxley
98%
1 2020 Kenny Omega
98%
1 2019 Chris Jericho
96%
2 2025 MJF
96%
2 2025 Samoa Joe
94%
2 2022 CM Punk
92%
1 2024 Swerve Strickland
90%
1 2024 Bryan Danielson
86%
No matching quizzes found
Score Distribution
Percent of People with Each Score
Percentile by Number Answered
Your Score History
You have not taken this quiz since the last reset